000
00348nam a2200145Ia 4500
008
240624s9999 xx 000 0 und d
041
_a
eng
082
_a
658.5 BEN
100
_a
BENNETT DAVID
245
_a
OPERATIONS MANAGEMENT II
260
_c
2006
_a
London
_b
Sage
300
_a
xxxiii, : 338 : p. : cm. ; 23
365
_c
GBP
_b
50
440
_v
6
999
_c
27353
_d
27353